El pequeño larousse ilustrado
Պահպանված է:
| Ձևաչափ: | Գիրք |
|---|---|
| Լեզու: | իսպաներեն |
| Հրապարակվել է: |
Bogotá
Larousse
1998
|
| Խորագրեր: | |
| Ցուցիչներ: |
Ավելացրեք ցուցիչ
Չկան պիտակներ, Եղեք առաջինը, ով նշում է այս գրառումը!
|
MARC
| LEADER | 00000nam a2200000 a 4500 | ||
|---|---|---|---|
| 001 | UCQ1426 | ||
| 003 | CL-VaPUC | ||
| 008 | 980710e19980000CK |||||||||||||||||spa|d | ||
| 082 | 0 | 4 | |a 463 |b ELP |2 21 |
| 245 | 1 | 3 | |a El pequeño larousse ilustrado |
| 300 | |a 1792 p | ||
| 942 | |c BK | ||
| 945 | |d 19980710 00:00:00 |a aalvarez | ||
| 260 | |a Bogotá |b Larousse |c 1998 | ||
| 650 | 0 | |a Español |9 255372 | |
| 650 | 0 | |a Diccionarios |9 256200 | |
| 650 | 0 | |a Glosarios |9 261047 | |
| 583 | |a last modification |c 19980710 00:00:00 |k Rodrigo Vera | ||
| 999 | |c 272422 |d 272420 | ||
| 952 | |0 0 |1 0 |4 0 |6 463_000000000000000_ELP_1998 |7 0 |8 F |9 307372 |a BIBEDU |b BIBEDU |d 2019-11-20 |i 3506479 |o 463 ELP 1998 |p 3506479 |r 2023-01-13 |w 2019-11-20 |y BK_F |k CIT | ||